01466nam a2200373 c 450000100060000000300100000600500170001600700030003300800570003602000180009304000350011104100080014604300120015408400060016624501360017225000410030826400420034930000420039133600270043333700330046033800280049349000550052150400470057652100480062365000550067165000360072665000340076265000530079670000370084970000390088694200160092599900170094195201340095857621CO-BoRNBP20250715144757.0ta000030s2014 ck a ar 000 p spa d spa a9789585942455 aCO-BoRNBPbspaerdacCO-BoRNBP0 aspa as-ck--- aP00aHola!, que me lleva la ola :brimas, juegos y versos /cselección de Sergio Andricaín ; ilustraciones de Ana María Londoño. aPrimera ediciónbSexta reimpresion 1aBogotá, Colombia :bLoqueleo,c2019 a87 páginas :bilustraciones a color atextobtxt2rdacontent asin mediaciónbn2rdamedia avolumenbnc2rdacarrier0 aNidos para la lecturaaYo empiezo a leer con otros aIncluye datos biográficos de los autores aRecomendado para niños desde los 3 años07aJuegos de palabrasvpoesía infantil2lemb96114207aLiteratura infantil2lemb9274607aPoesía infantil2lemb9102907aRimas infantilesvpoesía infantil2lemb961143 aAndricaín, Sergio,d1956-ecom aLondoño, Ana Maríaeill935908 2loccBKLITI c57621d57621 00102ddc40708INFaMEMACAREbMEMACAREcSInfd2025-07-15l0o15/07/2025pLM02614r2025-07-15 14:48:32tEj.1w2025-07-15yBKLITI